00958nam a22002891a 45000010009000000050017000090080041000260100015000670200015000820200015000970350020001120350023001320400046001550500041002010820018002421000023002602450093002832600059003763000024004355040051004596500026005107000019005367000019005558560041005748560027006158560026006421472885520160621020003.0070208s2007 enk b 001 0 eng  a2007005702 a0521694280 a0521694280 a(OCoLC)83609780 a(OCoLC)ocm83609780 aDLCcDLCdBAKERdBTCTAdBWKUKdYDXCPdDLC00aHD 30.4.T416 2007bHD 30.4.T416 200700a658.400722221 aTharenou, Phyllis.10aManagement research methods /cPhyllis Tharenou, Ross Donohue, and Brian Cooper.h[Text] aCambridgeaCambridgebCambridge University Pressc2007 ax, 338 p. ;c24 cm. aIncludes bibliographical references and index. 0aManagementxResearch.1 aCooper, Brian.1 aDonohue, Ross.423Contributor biographical information413Table of contents only423Publisher description